000 00865nam a22002417a 4500
005 20260507155640.0
010 _aENG-148396
020 _c2500.00
_a9789370986350
035 _aEN-131928
037 _bDBAD
082 _a792.62
100 _aCervantes , Miguel de
_989029
245 _aThe Making of Kijote Kathakali:
_cby Miguel de Cervantes; edited by Guillermo Rodriguez [and] P. Venugopalan
_bAn Intercultural Theatre Play in Kathakali based on Don Quixote /
260 _aKerala
_bDC Books
_c2026
270 _aDC Kizhakemuri Edam, Good Shepherd Street,
_bKerala
_e686001
300 _a476p.:
_c25cm(Hb)
_billus.
500 _aIncludes index
650 _aPublic libraries
_989023
650 _aDirectories
_989024
700 _aRodriguez, Guillermo
_989025
700 _aVenugopalan , P.
_989028
942 _2ddc
_cEN
_h792.62
_mCER
999 _c216098
_d216098